000 00525nam a2200133Ia 4500
008 100328s9999 xx 000 0 und d
082 _b5182
100 _aकृष्णकुमार एमे.ए.
245 _aत्रिलिंग देशांतील दैनंदिनी
260 _bगोदावरी
630 _aत्रिलिंग देशांतील दैनंदिनी
730 _aत्रिलिंग देशांतील दैनंदिनी
942 _cBOOK
999 _c501186
_d501183